Synopsis of critical care (Record no. 3062)

000 -LEADER
fixed length control field 00559nam a22001817a 4500
003 - CONTROL NUMBER IDENTIFIER
control field OSt
005 - DATE AND TIME OF LATEST TRANSACTION
control field 20210810092657.0
008 - FIXED-LENGTH DATA ELEMENTS--GENERAL INFORMATION
fixed length control field 210810b ||||| |||| 00| 0 eng d
020 ## - INTERNATIONAL STANDARD BOOK NUMBER
International Standard Book Number 0969061900
040 ## - CATALOGING SOURCE
Transcribing agency ALUPE UNIVERSITY
050 ## - LIBRARY OF CONGRESS CALL NUMBER
Classification number RC86.7
Item number .S5 1981
245 ## - TITLE STATEMENT
Title Synopsis of critical care
260 ## - PUBLICATION, DISTRIBUTION, ETC.
Place of publication, distribution, etc. London
Name of publisher, distributor, etc. Victoria Hospital
Date of publication, distribution, etc. c1981.
300 ## - PHYSICAL DESCRIPTION
Extent v, 269 p. : ill. (some col.) ; 28 cm.
650 ## - SUBJECT ADDED ENTRY--TOPICAL TERM
Topical term or geographic name entry element Critical care medicine. Médecine d'urgence. Critical Care. Intensive Care Units.
700 ## - ADDED ENTRY--PERSONAL NAME
Personal name William J Sibbald
942 ## - ADDED ENTRY ELEMENTS (KOHA)
Source of classification or shelving scheme
Koha item type Book
Suppress in OPAC JO
Holdings
Withdrawn status Lost status Source of classification or shelving scheme Damaged status Not for loan Permanent Location Current Location Shelving location Date acquired Source of acquisition Total Checkouts Full call number Barcode Date last seen Price effective from Koha item type Public note
          AU LIBRARY AU LIBRARY Open Shelf 10.08.2021 DONATION FROM MOI UNIVERSITY   RC86.7 .S5 1981 28004185 10.08.2021 10.08.2021 Book JO

Powered by Koha